| 000 | 01262nam a2200373Ii 4500 | ||
|---|---|---|---|
| 001 | DIGBIN02342 | ||
| 003 | NyNyDIG | ||
| 006 | m o d | ||
| 007 | cr ||||||||||| | ||
| 008 | 100625s2002 sp ob 000 0 spa d | ||
| 020 | _z8497420306 | ||
| 020 | _z9788497420303 | ||
| 035 | _a(OCoLC)891684053 | ||
| 040 |
_aDGITA _beng _epn _cDGITA |
||
| 050 | 1 | 4 | _aJC423 eBook |
| 100 | 1 |
_aTezanos, José Félix, _d1946- |
|
| 245 | 1 | 3 |
_aLa democracia incompleta : _bel futuro de la democracia postliberal / _cJosé Félix Tezanos. |
| 264 | 1 |
_aMadrid : _bBiblioteca Nueva, _c2002. |
|
| 300 | _a1 online resource (477 pages) | ||
| 336 |
_atext _btxt _2rdacontent |
||
| 337 |
_acomputer _bc _2rdamedia |
||
| 338 |
_aonline resource _bcr _2rdacarrier |
||
| 490 | 1 | _aSociología / [Ensayos] | |
| 504 | _aIncludes bibliographical references. | ||
| 650 | 0 |
_aDemocracy _xSocial aspects. |
|
| 650 | 0 |
_aLiberty _xSocial aspects. |
|
| 655 | 0 | _aElectronic books. | |
| 791 | 2 |
_aDigitalia (Firm), _edistributor. |
|
| 830 | 0 | _aEnsayos (Biblioteca Nueva (Firm)) | |
| 793 | 0 |
_gDigitalia eBook Collection: _aBiblioteca Nueva |
|
| 856 | 4 | 0 |
_3Digitalia Hispánica _uhttps://www.digitaliapublishing.com/a/4879/ |
| 910 | _aPremium Collection: 2007-2012 | ||
| 942 | _cRAA | ||
| 999 |
_c230974 _d230974 |
||